Entropy and information theory / (Record no. 183009)
[ view plain ]
| 000 -LEADER | |
|---|---|
| fixed length control field | 01047 a2200217 4500 |
| 003 - CONTROL NUMBER IDENTIFIER | |
| control field | Nust |
| 005 - DATE AND TIME OF LATEST TRANSACTION | |
| control field | 20221013115723.0 |
| 010 ## - LIBRARY OF CONGRESS CONTROL NUMBER | |
| LC control number | 90211114 |
| 020 ## - INTERNATIONAL STANDARD BOOK NUMBER | |
| International Standard Book Number | 0387973710 (New York Berlin Heidelberg : alk. paper) |
| 020 ## - INTERNATIONAL STANDARD BOOK NUMBER | |
| International Standard Book Number | 3540973710 (Berlin Heidelberg New York : alk. paper) |
| 040 ## - CATALOGING SOURCE | |
| Transcribing agency | Nust |
| 082 00 - DEWEY DECIMAL CLASSIFICATION NUMBER | |
| Classification number | 576.73,GRA |
| 100 1# - MAIN ENTRY--PERSONAL NAME | |
| Personal name | Gray, Robert M., |
| 9 (RLIN) | 93997 |
| 245 10 - TITLE STATEMENT | |
| Title | Entropy and information theory / |
| Statement of responsibility, etc. | Robert M. Gray. |
| 260 ## - PUBLICATION, DISTRIBUTION, ETC. | |
| Place of publication, distribution, etc. | New York : |
| Name of publisher, distributor, etc. | Springer-Verlag, |
| Date of publication, distribution, etc. | c1990. |
| 300 ## - PHYSICAL DESCRIPTION | |
| Extent | xxiii, 332 p. ; |
| Dimensions | 24 cm. |
| 505 ## - FORMATTED CONTENTS NOTE | |
| Formatted contents note | Information Sources (Page-1), Entropy and Information (Page-21), The Entropy Ergodic Theorem (Page-57), Information Rates I (Page-77), Relative Entropy (Page-89), Information Rates II (Page-135), Relative Entropy Rates (Page-149), Ergodic Theorems for Densities (Page-165), Channels and Codes (Page-181), Distortion (Page-217), Source Coding Theorems (Page-241), Coding for Noisy Channels (Page-277). |
| 650 #0 - SUBJECT ADDED ENTRY--TOPICAL TERM | |
| Topical term or geographic name entry element | Coding theory. |
| 9 (RLIN) | 3106 |
| 650 #0 - SUBJECT ADDED ENTRY--TOPICAL TERM | |
| Topical term or geographic name entry element | Entropy (Information theory) |
| 9 (RLIN) | 100109 |
| 942 ## - ADDED ENTRY ELEMENTS (KOHA) | |
| Source of classification or shelving scheme | |
| Koha item type | Book |
| Withdrawn status | Lost status | Source of classification or shelving scheme | Damaged status | Not for loan | Permanent Location | Current Location | Shelving location | Date acquired | Full call number | Barcode | Date last seen | Price effective from | Koha item type | Public note |
|---|---|---|---|---|---|---|---|---|---|---|---|---|---|---|
| Military College of Signals (MCS) | Military College of Signals (MCS) | General Stacks | 12/12/2016 | 576.73,GRA | MCS5991 | 12/08/2016 | 12/12/2016 | Book | Almirah No.25, Shelf No.6 |
